000 00455pab a2200181 454500
008 180718b2012 xxu||||| |||| 00| 0 eng d
100 _aBhadrakumar, M.K.
245 _aImperialism for a cash-strapped era
260 _c2012
300 _ap.32-36.
362 _a4 Feb
650 _aImperialism - United States
650 _aDefence - United States
650 _aDefence
773 _aEconomic and Political Weekly
908 _aN
909 _a95700
999 _c95700
_d95700